000 00314nam a22001337a 4500
008 170622b xxu||||| |||| 00| 0 eng d
020 _a0030613574
041 _aeng
080 _a32
100 _a21
101 _aSHP
245 _aPOLITICS AND PUBLIC POLICY IN KENYA AND TANZANIA
_cBARKAN,J,D
942 _2udc
_cBK
999 _c18772
_d18772